El tiempo alguna vez /
Gespeichert in:
| 1. Verfasser: | |
|---|---|
| Format: | Buch |
| Sprache: | Spanisch |
| Veröffentlicht: |
México : Guadalajara, México :
Fondo de Cultura Económica ; Universidad de Guadalajara,
2004, c2004
|
| Schriftenreihe: | (Letras Mexicanas)
|
| Schlagworte: | |
| Tags: |
Keine Tags, Fügen Sie das erste Tag hinzu!
|
MARC
| LEADER | 00000nam^a2200000^a^4500 | ||
|---|---|---|---|
| 001 | 000171658 | ||
| 005 | 20250521000000.0 | ||
| 009 | 20260310101352.08 | ||
| 020 | |a 968-16-7234-8 | ||
| 037 | |a Acervo ITESO - Biblioteca | ||
| 041 | |a ESP | ||
| 082 | |a 861. |b VIL | ||
| 100 | |a Villoro, Carmen |e (autor) | ||
| 245 | 1 | 3 | |a El tiempo alguna vez / |c C. Villoro. |
| 264 | 4 | |a México : |b Fondo de Cultura Económica ; |a Guadalajara, México : |b Universidad de Guadalajara, |c 2004, c2004 | |
| 300 | |a 126 p. | ||
| 336 | |a texto |b txt |2 rdacontenido | ||
| 337 | |a sin mediación |b n |2 rdamedio | ||
| 338 | |a volumen |b nc |2 rdasoporte | ||
| 440 | 1 | |a (Letras Mexicanas) | |
| 545 | 0 | |a Carmen Villoro, escritora y psicoanalista nacida en la ciudad de México (1958). Se formó como narradora en los talleres literarios del Instituto Nacional de Bellas Artes y del Fondo Nacional para la Cultura y las Artes. Incursionó en diversos géneros, tales como el cuento, el ensayo, la crónica y la prosa poética, pero destaca su producción en poesía, sencilla, breve y clara, donde resignifica pequeños asuntos de la vida cotidiana, el amor y el cuerpo -los tres temas recurrentes de su obra-, con tonos de emoción y nostalgia. Escritora de oficio, es partidaria de la improvisación, y reconoce que las palabras la llevan al estado anímico necesario para la creación. Entre sus obras poéticas resaltan: Barcos de papel (1986); Que no se vaya el viento (1990); Delfín desde el principio (1993) y Herida luz (1995). | |
| 649 | |a XX | ||
| 650 | |a Poesía Mexicana | ||
| 650 | |a Literatura Mexicana - |y Siglo XXI | ||
| 650 | |a Literatura de Mujeres - |z México | ||
| 910 | |a Fondo General | ||
| 920 | |a Impresos - Libros | ||
| 930 | |a Colección General | ||
| 940 | |a Literatura | ||
| 905 | |a 101 | ||
| 901 | |a 0500109358 |b IT1 |c LIT |u 20250521 | ||
| 902 | |a https://opac.biblio.iteso.mx/vufind/Record/000171658 | ||